Región Spiš a jeho tradičné a regionálne výrobky chránené na vnútornom trhu

Analýza výsledkov uplatňovania Politiky kvality EÚ v regióne Spiš v Slovenskej republike. Región Spiš z pohľadu jeho územného a geografického členenia, demografického vývoja a z pohľadu nezamestnanosti podľa okresov. Tradičné a regionálne výrobky špecifické pre tento región, ktoré boli zapísané do r...

Celý popis

Uložené v:
Podrobná bibliografia
Hlavný autor: Košútová, Tatiana, 1962-
Médium: Kapitola
Jazyk:Slovak
Predmet:
Tagy: Pridať tag
Žiadne tagy, Buďte prvý, kto otaguje tento záznam!

MARC

LEADER 00000naa a2200000 4500
001 0225752
005 20240502073713.1
041 0 |a slo 
044 |a SK 
245 1 0 |a Región Spiš a jeho tradičné a regionálne výrobky chránené na vnútornom trhu  |c Tatiana Košútová 
520 |a Analýza výsledkov uplatňovania Politiky kvality EÚ v regióne Spiš v Slovenskej republike. Región Spiš z pohľadu jeho územného a geografického členenia, demografického vývoja a z pohľadu nezamestnanosti podľa okresov. Tradičné a regionálne výrobky špecifické pre tento región, ktoré boli zapísané do registrov Zaručených tradičných špecialít a Chránených zemepisných označení na vnútornom trhu EÚ. 
610 2 0 |a kvalita tovaru 
610 2 0 |a trh vnútorný 
610 2 0 |a kultúra 
610 2 0 |a potraviny 
610 2 0 |a Slovensko 
610 2 0 |a regióny 
100 1 |a Košútová, Tatiana, 1962-